000 00902nam a2200253Ia 4500
003 OSt
005 20221005113422.0
006 a|||||r|||| 00| 0
007 ta
008 221004b |||||||| |||| 00| 0 pan d
020 _a8178839105 (hbk)
_c375
024 _a5392
037 _b683, 14/06/2013, H.K. Prakashan
_cTextual
040 _aCRL
_cCRL
_bpan
041 _2pan
_apan
082 _aO153,2(Y15):g, Q2
100 _aਭੱਠਲ, ਸੁਰਿੰਦਰ ਕੌਰ
245 0 _aਨਾਰੀਵਾਦ ਤੇ ਪੰਜਾਬੀ ਨਾਟਕ
260 _aਲੁਧਿਆਣਾ
_bਚੇਤਨਾ ਪ੍ਰਕਾFਨ ਭਾਰਤ
_c2012
300 _a296ਪੰ
_ccm.
650 _aਪੰਜਾਬੀ ਸਾਹਿਤ
942 _hO153,2(Y15):g, Q2
_cTEXL
_2cc
999 _c1028120
_d1028120